Foreign Trade and Foreign Exchange (Record no. 4302)

MARC details
000 -LEADER
fixed length control field 00339nam a2200133Ia 4500
003 - CONTROL NUMBER IDENTIFIER
control field OSt
008 - FIXED-LENGTH DATA ELEMENTS--GENERAL INFORMATION
fixed length control field 201027b ||||| |||| 00| 0 eng d
020 ## - INTERNATIONAL STANDARD BOOK NUMBER
International Standard Book Number 9789352028405
100 ## - MAIN ENTRY--PERSONAL NAME
Personal name AGGARWAL,OP.
245 ## - TITLE STATEMENT
Title Foreign Trade and Foreign Exchange
260 ## - PUBLICATION, DISTRIBUTION, ETC. (IMPRINT)
Place of publication, distribution, etc N. delhi
Name of publisher, distributor, etc Himalaya Publication House
Date of publication, distribution, etc 2009
300 ## - PHYSICAL DESCRIPTION
Extent 551
942 ## - ADDED ENTRY ELEMENTS (KOHA)
Source of classification or shelving scheme Dewey Decimal Classification
Koha item type Text Books
Holdings
Withdrawn status Lost status Source of classification or shelving scheme Damaged status Not for loan Collection code Home library Current library Date acquired Source of acquisition Bill Number Total Checkouts Full call number Acc. no. / Barcode Date last seen Date last borrowed Bill Date Koha item type Public note Cost, normal purchase price
    Dewey Decimal Classification     MBA PIET C-LIBRARY PIET C-LIBRARY 27/09/2014 Donated by Priyanka Sahgal Donated by Priyanka Sahgal 1 382 AGF 24979 07/12/2021 01/11/2021 16/08/2014 Text Books Donated by Priyanka Sahgal  
    Dewey Decimal Classification     MBA PIET C-LIBRARY PIET C-LIBRARY 16/01/2010 J B C, New Delhi SI-4063   382 AGF 14409 04/12/2019   06/01/2010 Text Books   375.00
    Dewey Decimal Classification     MBA PIET C-LIBRARY PIET C-LIBRARY 16/01/2010 J B C, New Delhi SI-4063   382 AGF 14410 04/12/2019   06/01/2010 Text Books   375.00

Design & Developed by: PIET Central Library
R70 Miles Stone Pattikalyana Samalkha Panipat 132102
mail ID :- [email protected], Phone No:- 0180-2569700 Ex.216